Financial accounting 1: Student's manual. (Record no. 2989)
[ view plain ]
| 005 - DATE AND TIME OF LATEST TRANSACTION | |
|---|---|
| control field | 20250602101632.0 |
| 020 ## - INTERNATIONAL STANDARD BOOK NUMBER | |
| International Standard Book Number | 9976-78-005-2 |
| 082 ## - DEWEY DECIMAL CLASSIFICATION NUMBER | |
| Classification number | LECT 657.48 LYA |
| 100 ## - MAIN ENTRY--PERSONAL NAME | |
| Author name | LYANGA.J. M. |
| 245 ## - TITLE STATEMENT | |
| Title | Financial accounting 1: Student's manual. |
| 260 ## - PUBLICATION, DISTRIBUTION, ETC. | |
| Place of publication, distribution, etc. | Dar es Salaam, |
| Name of publisher, distributor, etc. | NBAA, |
| Date of publication, distribution, etc. | 2000. |
| 300 ## - PHYSICAL DESCRIPTION | |
| Extent | xii, 164p.: ill.; figure, table. |
| Other physical details | Reference, |
| Dimensions | 30cm. |
| 700 ## - ADDED ENTRY--PERSONAL NAME | |
| Other authors/Editors | TULLI, M. |
| 942 ## - ADDED ENTRY ELEMENTS (KOHA) | |
| Source of classification or shelving scheme | Dewey Decimal Classification |
| Koha item type | Books |
| Date last seen | Total checkouts | Full call number | Barcode | Cost, replacement price | Price effective from | Koha item type | Lost status | Source of classification or shelving scheme | Damaged status | Not for loan | Withdrawn status | Home library | Current library | Shelving location | Date acquired | Cost, normal purchase price |
|---|---|---|---|---|---|---|---|---|---|---|---|---|---|---|---|---|
| 06/02/2025 | LECT 657.48 LYA | 00000010608 | 30000.00 | 06/02/2025 | Books | Dewey Decimal Classification | College of Business Education Main Library | College of Business Education Main Library | General Collection | 11/01/2006 | 10000.00 | |||||
| 06/02/2025 | LECT 657.48 LYA | 00000010609 | 30000.00 | 06/02/2025 | Books | Dewey Decimal Classification | College of Business Education Main Library | College of Business Education Main Library | General Collection | 11/01/2006 | 10000.00 |
